Assessment of Slovak social housing policy in terms of vertical and horizontal equity

Definícia horizontálnej a vertikálnej spravodlivosti. Komparácia bytových politík posledných troch desaťročí na Slovensku. Porovnanie charakteristík bytovej politiky v krajinách západnej a stredovýchodnej Európy.

Enregistré dans:
Détails bibliographiques
Auteur principal: Szüdi, Gábor
Format: Chapitre de livre
Langue:anglais
Sujets:
Tags: Ajouter un tag
Pas de tags, Soyez le premier à ajouter un tag!

MARC

LEADER 00000naa$a2200000$$$4500
001 0197255
005 20240502073331.5
041 0 |a eng 
044 |a SK 
245 1 0 |a Assessment of Slovak social housing policy in terms of vertical and horizontal equity  |c Gábor Szüdi 
520 |a Definícia horizontálnej a vertikálnej spravodlivosti. Komparácia bytových politík posledných troch desaťročí na Slovensku. Porovnanie charakteristík bytovej politiky v krajinách západnej a stredovýchodnej Európy. 
610 2 0 |a spravodlivosť 
610 2 0 |a politika bytová 
610 2 0 |a politika sociálna 
610 2 0 |a transformácia 
100 1 |a Szüdi, Gábor